[Event "Poznan op 23rd"]
[Site "Poznan"]
[Date "2015.08.17"]
[Round "9"]
[White "Purczynski, Andrzej"]
[Black "Szafranski, Piotr"]
[Result "0-1"]
[WhiteElo "1432"]
[BlackElo "1288"]
[PlyCount "98"]
[EventDate "2015.08.10"]
[EventType "swiss"]
[EventRounds "9"]
[EventCountry "POL"]
[SourceTitle "EXT 2017"]
[Source "ChessBase"]
[SourceDate "2016.10.25"]
[SourceVersion "1"]
[SourceVersionDate "2016.10.25"]
[SourceQuality "1"]

1. b4 c6 2. Bb2 Qb6 3. a3 a5 4. c4 axb4 5. c5 Qc7 6. axb4 Rxa1 7. Bxa1 e5 8. e3 Nf6 9. Nf3 d6 10. Qc2 Be7 11. Be2 0-0 12. 0-0 h6 13. h3 Be6 14. d3 Nbd7 15. d4 exd4 16. Bxd4 Nd5 17. Qb2 Bf6 18. Rd1 dxc5 19. Bxf6 N5xf6 20. b5 Ra8 21. Nc3 Nb6 22. Ra1 Rxa1+ 23. Qxa1 Bc4 24. bxc6 Bxe2 25. Nxe2 Qxc6 26. Qe5 Nbd7 27. Qb2 b5 28. Kf1 b4 29. Nc1 Qb5+ 30. Ke1 c4 31. Nd4 Qa5 32. Qd2 Ne4 33. Ncb3 Nxd2 34. Nxa5 c3 35. Ndb3 Nxb3 36. Nxb3 Nb8 37. Kd1 Nc6 38. Kc2 Kf8 39. Nc1 Ke7 40. Nd3 Kd6 41. Kb3 g5 42. f3 Kd5 43. g3 f5 44. Kc2 Kc4 45. Nc1 Na5 46. f4 b3+ 47. Kb1 gxf4 48. exf4 b2 49. Na2 Kb3 0-1

[Event "Poznan op 23rd"]
[Site "Poznan"]
[Date "2015.08.10"]
[Round "1"]
[White "Purczynski, Andrzej"]
[Black "Hemmerling, Jaroslaw"]
[Result "0-1"]
[WhiteElo "1432"]
[BlackElo "1966"]
[PlyCount "86"]
[EventDate "2015.08.10"]
[EventType "swiss"]
[EventRounds "9"]
[EventCountry "POL"]
[SourceTitle "CBM 167 Extra"]
[Source "ChessBase"]
[SourceDate "2015.09.14"]
[SourceVersion "1"]
[SourceVersionDate "2015.09.14"]
[SourceQuality "1"]

1. b4 d5 2. Bb2 Nf6 3. e3 e6 4. b5 Be7 5. Nf3 0-0 6. Be2 c6 7. a4 a6 8. c4 dxc4 9. Bxc4 axb5 10. axb5 Rxa1 11. Bxa1 cxb5 12. Bxb5 Bd7 13. Nc3 Bxb5 14. Nxb5 Qd3 15. Nbd4 Nbd7 16. Qc2 Qa6 17. Qb1 Rc8 18. Bc3 Nd5 19. Qb5 Nxc3 20. Qxa6 bxa6 21. dxc3 Rxc3 22. 0-0 a5 23. Ra1 e5 24. Ne2 Rc5 25. Kf1 f6 26. Nd2 Rd5 27. Nc4 Bb4 28. Nc1 Rd1+ 29. Ke2 Re1+ 30. Kf3 Nc5 31. Nxa5 Bxa5 32. Rxa5 Rxc1 33. Ra8+ Kf7 34. Ra7+ Kg6 35. Rc7 Nd3 36. Rd7 e4+ 37. Kg3 Rf1 38. f3 Ne5 39. Rd5 exf3 40. gxf3 Rxf3+ 41. Kg2 Rxe3 42. Kf2 Ra3 43. Rb5 Ng4+ 0-1